000 01612cam a2200217 4500
001 ##L131699
008 051130n2005 000 0 eng u
035 _a(Sirsi) u131699
041 0 _aeng
050 0 4 _a346.4104342 $2 18
110 1 _aRoyal Institution of Chartered Surveyors
_bPublic Affairs
_94679
245 0 0 _aRICS residential lettings survey Great Britain October 2005
260 _aLondon
_bRICS
_c2005
490 _aRICS Residential Lettings Survey Great Britain
_vOctober 2005
520 _aRecords that tenant demand in the three months to October 2005 grew at its strongest pace since January 2004. The acceleration was mainly driven by a surge in lettings in London and southeast England and to a limited extent eastern England. The pace of landlord instructions also picked up in October but there were few signs of a resurgence in buy to let investment. The proportion of landlords opting to sell property rather than re-let declined to a survey low of 4.1%. Some surveyors have observed a switching of property into lettings by vendors frustrated by a slow sales market. Rents rose for a tenth consecutive quarter, sustaining the moderate upturn reported over the last 18 months. Gross rental yields were higher for the third quarter running.
590 _aIKA061205
650 2 4 _aRICS RESIDENTIAL LETTINGS SURVEY GREAT BRITAIN
690 _aPROPERTY-RESIDENTIAL PROPERTY-RESIDENTIAL PROPERTY TENURE-LEASEHOLD RESIDENTIAL PROPERTY
856 4 0 _uhttps://www.rics.org/Global/Downloads/ResidentialLettingsSurvey200510.pdf
_zView the survey free of charge at www.rics.org...
942 _n0
999 _c104802
_d104802